A carregar...

Diagnostic Immunohistochemistry

Detalhes bibliográficos
Autor principal: Dabbs, David J.
Outros Autores: David J. Dabbs
Formato: Printed Book
Publicado em: Philadelphia Churchil Livingstone 2006
LEADER 00558nam a22001457a 4500
020 |a 9780443066528 
082 |2 2nd ed.  |a 616.07583 DAB/ D 
100 |a Dabbs, David J. 
245 |a Diagnostic Immunohistochemistry  |c David J. Dabbs 
260 |a Philadelphia  |b Churchil Livingstone  |c 2006 
300 |a xv, 828p. 
700 |a David J. Dabbs 
942 |2 ddc  |c BK  |e 2nd ed.  |k 616.07583 
999 |c 280743  |d 280743 
952 |0 0  |1 0  |4 0  |6 616_075830000000000_DAB_D  |7 0  |9 317924  |a SHS  |b SHS  |c ST1  |d 2011-02-03  |g 14012.00  |i 3086  |l 1  |o 616.07583 DAB/ D  |p SHS3086  |r 2016-12-08  |s 2016-11-04  |w 2011-02-03  |y BK